| 000 -УДИРДЛАГА |
| Удирдлага |
02279nam a2200481 4500 |
| 003 - ХЯНАЛТЫН ТОО ТОДОРХОЙЛОГЧ |
| Код |
MN-UlNUM |
| 005 - БИЧИЛТ ХИЙСЭН ОГНОО |
| Тухайн бичилтийг бичсэн засварласан сүүлийн огноо |
20251007114352.0 |
| 008 - ЕРӨНХИЙ МЭДЭЭЛЭЛ |
| Ерөнхий мэдээлэл |
250918s2017 ctu||||| |||| 00| ||eng d |
| 020 ## - ISBN |
| ISBN |
9780300125337 |
| 040 ## - БИЧЛЭГ ҮҮСГЭГЧ БАЙГУУЛЛАГА |
| Бичлэг үүсгэгч номын сангийн код |
МУИС-ийн номын сан |
| 084 ## - ББК АНГИЛАЛ |
| Нэмэлт тусгалт |
Нэг сэдэвт бүтээл |
| Мэдлэгийн ялгаа |
63 - Түүх |
| ББК ангилал |
63.3(1) |
| Зохиогчийн гурван тэмдэгт |
J 12 |
| 100 1# - ЗОХИОГЧ |
| Зохиогчийн нэр |
Jackson, Peter |
| Зохиогчийн огноо |
1948 January 27- |
| 240 ## - Шифр - Номын наалт, тайланд хэрэглэх |
| Ангилалын дугаар /Зохиогчийн 3 тэмдэгт |
63.3(1) J 12 |
| 245 14 - ҮНДСЭН ГАРЧИГ |
| Номын нэр |
The Mongols and the Islamic world |
| Бага гарчгийн мэдээ |
From Conquest to Conversion |
| 260 ## - ГАРАЛТЫН МЭДЭЭ |
| Хэвлэгдсэн газар |
London |
| Хэвлэлийн газар |
Yale University Press |
| Хэвлэгдсэн он |
2017 |
| 300 ## - МАТЕРИАЛЫН ТОДОРХОЙЛОЛТ |
| хуудасны тоо |
xxi, 614 pages, 4 unnumbered pages of plates : |
| Бусад тоон мэдээлэл |
illustrations ; |
| Хэмжээ |
24 cm |
| 500 ## - Тайлбар |
| Дансны дугаар |
ГФ 20855 |
| 505 ## - Агуулгын тэмдэглэгээ |
| Агуулгын тэмдэглэгээ |
The Mongol conquest of the Islamic world began in the early thirteenth century when Genghis Khan and his warriors overran Central Asia and devastated much of Iran. Distinguished historian Peter Jackson offers a fresh and fascinating consideration of the years of infidel Mongol rule in Western Asia, drawing from an impressive array of primary sources as well as modern studies to demonstrate how Islam not only survived the savagery of the conquest, but spread throughout the empire. |
| 546 ## - ХЭЛНИЙ ТУХАЙ МЭДЭЭ |
| Хэл |
Англи хэл дээр, |
| 653 ## - Түлхүүр үг |
| Түлхүүр үг |
history |
| 653 ## - Түлхүүр үг |
| Түлхүүр үг |
history of Mongolia |
| 653 ## - Түлхүүр үг |
| Түлхүүр үг |
history of Islam |
| 653 ## - Түлхүүр үг |
| Түлхүүр үг |
history of Middle East |
| 653 ## - Түлхүүр үг |
| Түлхүүр үг |
Imperialism |
| 653 ## - Түлхүүр үг |
| Түлхүүр үг |
former soviet republics |
| 740 ## - НОМЫН ГАРЧИГ |
| Гарчиг |
Medieval Authors on the Mongols |
| 740 ## - НОМЫН ГАРЧИГ |
| Гарчиг |
The Islamic World and Inner Asian Peoples down to the Mongol Invasion |
| 740 ## - НОМЫН ГАРЧИГ |
| Гарчиг |
The Mongol Westward Advance (1218-53) |
| 740 ## - НОМЫН ГАРЧИГ |
| Гарчиг |
Apportioning and Governing an Empire (c. 1221-c. 1260) |
| 740 ## - НОМЫН ГАРЧИГ |
| Гарчиг |
Hleg's Campaigns and Imperial Fragmentation (1254-62) |
| 740 ## - НОМЫН ГАРЧИГ |
| Гарчиг |
Devastation, Depopulation and Revival in the Age of Conquest |
| 740 ## - НОМЫН ГАРЧИГ |
| Гарчиг |
The Era of Inter-Mongol Warfare |
| 740 ## - НОМЫН ГАРЧИГ |
| Гарчиг |
Pax Mongolica and a Transcontinental Traffic |
| 740 ## - НОМЫН ГАРЧИГ |
| Гарчиг |
Mediated Sovereignty : The Client Muslim Kingdoms |
| 740 ## - НОМЫН ГАРЧИГ |
| Гарчиг |
Unbelieving Monarchs and their Servants |
| 740 ## - НОМЫН ГАРЧИГ |
| Гарчиг |
The Rule of the Infidel |
| 740 ## - НОМЫН ГАРЧИГ |
| Гарчиг |
The Onset of Islamization: (a) Common Themes |
| 740 ## - НОМЫН ГАРЧИГ |
| Гарчиг |
The Onset of Islamization: (b) Royal Converts and Muslim Resurgence |
| 740 ## - НОМЫН ГАРЧИГ |
| Гарчиг |
Epilogue |
| 942 ## - ЭЛЕМЕНТИЙН ТӨРӨЛ |
| Зүйлийн төрөл |
Ном |